• 首页
  • 本馆介绍
  • 公告通知
  • 最新文献
  • 馆藏检索
  • 电子资源
  • 读者导购
  • 参考咨询
  • 我的图书馆
  • 登录
  • 详细信息显示
  • 放入我的书架
  • 预约/预借图书
  • 作者相关作品
  • 分类相关作品
  • 丛书相关作品
  • 出版社相关作品

书目信息

  • 表格格式
  • 工作单格式
  • 卡片格式
题名:
半导体激光器速率方程理论
    
 
作者: 郭长志 编著
分册: 上册  
出版信息: 北京   科学出版社  2016.04
页数: 384页
开本: 25cm
丛书名: 半导体激光器设计理论
单 册:
中图分类: TN248.4
科图分类:
主题词: 半导体激光器--速率--方程
电子资源:
ISBN: 978-7-03-047812-2
000 01123oam2 2200277 450
001 0120161843191
005 20170502093203.03
010    @a978-7-03-047812-2@b精装@dCNY148.00
100    @a20160518d2016 em y0chiy50 ea
101 0  @achi
102    @aCN@b110000
105    @aa z 000yy
106    @ar
200 1  @a半导体激光器速率方程理论@9ban dao ti ji guang qi su lv fang cheng li lun@h上册@f郭长志编著
210    @a北京@c科学出版社@d2016.04
215    @a384页@c图@d25cm
225 2  @a半导体激光器设计理论@v1
300    @a国家科学技术学术著作出版基金资助出版
330    @a全书分为异质结构的能带图及其电流机制、速率方程组的建立及其静态行为、半导体激光器的动力学行为3章,主要内容有突变异质结的耗尽区近似理论、缓变和突变同型异质结、突变同型异质结的库莫理论等。
333    @a半导体激光物理和器件、半导体光电子学物理和器件或光子学物理和器件的研究生、科技人员、设计人员和相关专业师生
461  0 @12001 @a半导体激光器设计理论@v1
606 0  @a半导体激光器@x速率@x方程
690    @aTN248.4@v5
701  0 @a郭长志@9guo chang zhi@4编著
801  0 @aCN@b人天书店@c20160518
905    @b988926-28@dTN248.4@e113:1@f3
    
    半导体激光器速率方程理论.上册/郭长志编著.-北京:科学出版社,2016.04
    384页:图;25cm.-(半导体激光器设计理论;1)
    国家科学技术学术著作出版基金资助出版.-使用对象:半导体激光物理和器件、半导体光电子学物理和器件或光子学物理和器件的研究生、科技人员、设计人员和相关专业师生
    
    ISBN 978-7-03-047812-2(精装):CNY148.00
    全书分为异质结构的能带图及其电流机制、速率方程组的建立及其静态行为、半导体激光器的动力学行为3章,主要内容有突变异质结的耗尽区近似理论、缓变和突变同型异质结、突变同型异质结的库莫理论等。
●
相关链接 在E读中查询图书 在五车中查询图书 在当当中查询图书 在豆瓣中查询图书


正题名:半导体激光器速率方程理论     索取号:TN248.4/113:1         预约/预借

序号 登录号 条形码 馆藏地/架位号 状态 备注
1 988926   209889263   第二样本阅览室/ [索取号:TN248.4/113:1] 在馆    
2 988927   209889272   第三借阅区/ [索取号:TN248.4/113:1] 在馆    
3 988928   209889281   密集书库-物理学院/ [索取号:TN248.4/113:1] 在馆    
唐山师范学院图书馆 欢迎您!
大连网信软件有限公司© 版权所有